Zombies don't play soccer / (Record no. 4312)

MARC details
000 -LEADER
fixed length control field 01434cam a22003973a 4500
001 - CONTROL NUMBER
control field 4312
003 - CONTROL NUMBER IDENTIFIER
control field FISKH
005 - DATE AND TIME OF LATEST TRANSACTION
control field 20250404093611.0
008 - FIXED-LENGTH DATA ELEMENTS--GENERAL INFORMATION
fixed length control field 950828s1995 nyua j 000 1 eng d
010 ## - LIBRARY OF CONGRESS CONTROL NUMBER
LC control number 97810833
020 ## - INTERNATIONAL STANDARD BOOK NUMBER
International Standard Book Number 0590226363 :
020 ## - INTERNATIONAL STANDARD BOOK NUMBER
International Standard Book Number 9780590226363
035 ## - SYSTEM CONTROL NUMBER
System control number (OCoLC)ocm33051778
040 ## - CATALOGING SOURCE
Original cataloging agency ISO
Transcribing agency ISO
Modifying agency SLC
-- OCL
-- DLC
Language of cataloging eng
050 ## - LIBRARY OF CONGRESS CALL NUMBER
Classification number PZ7.D128
082 ## - DEWEY DECIMAL CLASSIFICATION NUMBER
Classification number 813.6
100 1# - MAIN ENTRY--PERSONAL NAME
Personal name Dadey, Debbie.
245 10 - TITLE STATEMENT
Title Zombies don't play soccer /
Statement of responsibility, etc. by Debbie Dadey and Marcia Thornton Jones ; illustrated by John Steven Gurney.
250 ## - EDITION STATEMENT
Edition statement This edition first printing, July 2007
260 ## - PUBLICATION, DISTRIBUTION, ETC.
Place of publication, distribution, etc. New York :
Name of publisher, distributor, etc. Scholastic,
Date of publication, distribution, etc. 1995.
300 ## - PHYSICAL DESCRIPTION
Extent 70 pages :
Other physical details illustrations ;
Dimensions 20 cm
440 #4 - SERIES STATEMENT/ADDED ENTRY--TITLE
Title The Bailey School kids
500 ## - GENERAL NOTE
General note "A little Apple paperback."
505 ## - FORMATTED CONTENTS NOTE
Formatted contents note O<br/>
520 ## - SUMMARY, ETC.
Summary, etc. With humor, suspense and mystery, this popular series continues as The Bailey School Kids investigate a new soccer coach whose spacey stare has them worried. Will her hard-driving practice sessions turn them into winners or zombies?<br/>
521 ## - TARGET AUDIENCE NOTE
Target audience note 620<br/>
Source Lexile<br/>
521 ## - TARGET AUDIENCE NOTE
Target audience note O<br/>
Source Raz-Plus<br/>
650 #0 - SUBJECT ADDED ENTRY--TOPICAL TERM
Topical term or geographic name entry element Soccer stories.
650 #0 - SUBJECT ADDED ENTRY--TOPICAL TERM
Topical term or geographic name entry element Zombiism
Form subdivision Juvenile fiction.
655 #7 - INDEX TERM--GENRE/FORM
Genre/form data or focus term Children's stories.
Source of term lcsh
700 1# - ADDED ENTRY--PERSONAL NAME
Personal name Jones, Marcia Thornton.
Relator term Author
700 1# - ADDED ENTRY--PERSONAL NAME
Personal name Gurney, John.
Relator term illustrator
906 ## - LOCAL DATA ELEMENT F, LDF (RLIN)
a 7
b cbc
c copycat
d 2
e ncip
f 19
g y-genrareb
942 ## - ADDED ENTRY ELEMENTS (KOHA)
Source of classification or shelving scheme Dewey Decimal Classification
Koha item type Books
Suppress in OPAC No
Holdings
Withdrawn status Lost status Source of classification or shelving scheme Damaged status Not for loan Collection Home library Current library Shelving location Date acquired Total Checkouts Full call number Barcode Date last seen Date last checked out Price effective from Koha item type Copy number
    Dewey Decimal Classification     Juvenile Fiction Footprints International School Library Network Toul Kork Campus Footprints International School Library Network Toul Kork Campus TK Primary Library Room(4th Floor), Bookcase 3&4, Shelves 17-32, Yellow Books 07/17/2024 1 DAD 813.6 PZ7.D128 FISTK00216 12/19/2025 08/29/2025 07/17/2024 Books  
    Dewey Decimal Classification     Juvenile Fiction Footprints International School Library Network Toul Tom Poung Campus Footprints International School Library Network Toul Tom Poung Campus TTP Primary Yellow Bookshelves 04/04/2025   DAD 813.6 PZ7.D128 2025-0965 04/04/2025   04/04/2025 Books 2